| 000 | 01108nam a2200217 i 4500 | ||
|---|---|---|---|
| 001 | 154176 | ||
| 003 | ES-MaACL | ||
| 005 | 20250719062538.0 | ||
| 008 | 040719s1885 fr |||| | fre d | ||
| 110 | 1 |
_aFrancia. _bMinistère de l'Intérieur. _9134396 |
|
| 245 | 1 | 0 |
_aOrganisation des services et des établissements pénitentiaires en France / _cexposé général présenté par L. Herbette. |
| 260 |
_aParis : _b[s.n.], _c1885 ( _fImp. de E. Perreau) |
||
| 300 |
_a30 p. ; _c26 cm. |
||
| 650 | 4 |
_aEstablecimientos penitenciarios- _zFrancia. _9143319 |
|
| 700 | 1 |
_aHerbette, Louis. _9127867 |
|
| 852 |
_aES-MaACL _jD-68(4) _bR.FOLL.1/4 _cSVI _fSello en tinta en portada: "Donativo del Sr. Lastres al Ateneo de Madrid. 1907" _gAnotación manuscrita en portada: "Folletos penitenciarios. Tomo 8" _hDonación: Francisco Lastres y Juiz _xEncuadernación holandesa _xEncuadernado con otras obras formando un volumen facticio _9159815 |
||
| 903 |
_aLastres y Juiz, Francisco, _d1848-1918 _q1 _ednr _970504 |
||
| 942 |
_2udc _cFOLLETOS |
||
| 999 |
_c154176 _d154176 |
||